00704nam a2200229Ia 4500003000900000008004100009040001300050040001300063041000800076100002100084245008400105250001200189260001200201260000900213300001100222300001000233490001800243490000700261942000700268999001700275952018200292IT-RoPAU120407s9999 xx 000 0 und d aIT-RoPAU cIT-RoPAU aita aHeinrich Schlier aL’apostolo e la sua comunità. Esegesi della prima lettera ai Tessalonicesi. aBrescia aPaideia c1976 a120 p. c21 cm aStudi biblici v34 cBK c24700d24700 00102ddc406222_73400000000000071aPAULUSbPAULUSd2012-04-11l0o222.734r2012-04-11 00:00:00w2012-04-11yBKzInserito da: In data: n.d. fondo: Via A.Severo 56 Progr:16692